1313 1868 1039 1118 1118 1832 1294 1138 1781 1396 1488 1077 1558 1716 1344 1634 1909 1051 1295 1948 1259 1793 1741 1533 1746 1085 1034 1013 1210 1788 1915 1212 1923 1771 1432 1632 1497 1246 1355 1759 1708 1335 1007 1335 1077 1773 1544 1815 1247 1686 1303 1372 1741 1037 1396 1197 1640 1846 1880 1866 1303 1949 1623 1314 1348 1550 1317 1452 1539 1154 1285 1039 1884 1574 1065 1721 1078 1216 1432 1571 1531 1432 1042 1906 1374 1517 1412 1585 1441 1059 1599 1876 1450 1377 1623 1663 1069 1000 1980 BCNSPRNW ULIB Ver.6.0+V

เปลี่ยนเป็นภาษาไทย

Change to English
 แสดงรายละเอียดบรรณานุกรม
  กลับหน้าหลัก

Brief Record : Get Marc (ISO 2709) : E-mail record : QR code < ปิดหน้าต่าง
LEADER : 00000nam 2200000uu 4500
001    13399121594
003     ULIB
008    121126s2549||||th 000 0 tha d
020    ^a9749980638
060 04 ^aWT120^bก474ก
111 2  ^aการประชุมเชิงปฎิบัติการก้าวทันชีวเคมีทางการแพทย์ :^cสูงวัยห่างไกลโรค^d(2549 :^cจุฬาลงกรณ์มหาวิทยาลัย)
245 10 ^aก้าวทันชีวเคมีทางการแพทย์ :^bสูงวัยห่างไกลโรค /^cคณะแพทยศาสตร์ จุฬาลงกรณ์มหาวิทยาลัย ; ปิยรัตน์ โตสุโขวงศ์ ขาญชัย บุญหล้า, บรรณาธิการ
260    ^aกรุงเทพฯ :^bคณะแพทยศาสตร์ จุฬาลงกรณ์มหาวิทยาลัย,^c2549
300    ^a247 หน้า ;^c30 ซม.
650  7 ^aผู้สูงอายุ^xการประชุม
650  7 ^aผู้สูงอายุ^xโรค
650  7 ^aการส่งเสริมสุขภาพ
650  7 ^aผู้สูงอายุ^xบริการทางการแพทย์
650  7 ^aเวชศาสตร์วัยชรา
700 0  ^aขาญชัย บุญหล้า
700 0  ^aปิยรัตน์ โตสุโขวงศ์
710 2  ^aจุฬาลงกรณ์มหาวิทยาลัย. ^bคณะแพทยศาสตร์
945    ^p280^l0^i24622
945    ^p280^l0^i24623
995    ^aวิภา
999    ^aวิภา
รายการนี้ยังไม่มีแท็ก
คุณยังไม่ได้ล็อกอิน คุณสามารถมีกิจกรรมร่วมกับเว็บไซต์ได้ แต่ต้องล็อกอินก่อน ::
  ล็อกอิน

รายการสื่อสารสนเทศ

ลำดับที่ ประเภท เลขเรียก/บาร์โค้ด สถานที่ สถานะ
1. วิทยาศาสตร์การแพทย์ และสุขภาพ
วิทยาศาสตร์การแพทย์ และสุขภาพ
WT120 ก474ก  
  Barcode: 24622
ห้องสมุดวิทยาเขตสวรรค์ประชารักษ์
►หนังสือทั่วไป
บนชั้น
2. วิทยาศาสตร์การแพทย์ และสุขภาพ
วิทยาศาสตร์การแพทย์ และสุขภาพ
WT120 ก474ก ฉ.2 
  Barcode: 24623
ห้องสมุดวิทยาเขตสวรรค์ประชารักษ์
►หนังสือทั่วไป
บนชั้น

รายการใกล้เคียง
    หัวเรื่อง [การส่งเสริมสุขภาพ]
    หัวเรื่อง [เวชศาสตร์วัยชรา]

BibComment


ยังไม่เคยถูกคอมเมนท์

คอมเมนท์ทรัพยากรรายการนี้
  คอมเมนท์: ก้าวทันชีวเคมีทา..


 Copyright 2026. Bcnsprnw @Library